Sino-Indian and Sino-South Korean relations : (Record no. 91949)

MARC details
000 -LEADER
fixed length control field 00661nam a22002057a 4500
005 - DATE AND TIME OF LATEST TRANSACTION
control field 20150515121706.0
010 ## - LCCN (DPL NO)
LC control number ENG-112298
020 ## - INTERNATIONAL STANDARD BOOK NUMBER
International Standard Book Number 9781138796041
Terms of availability 795.00
035 ## - SYSTEM CONTROL NUMBER
System control number EN-95830
037 ## - SOURCE OF ACQUISITION
Source of stock number/acquisition DBAD/PUB
082 ## - DEWEY DECIMAL CLASSIFICATION NUMBER
Classification number 909
100 ## - MAIN ENTRY--PERSONAL NAME
Personal name Chari, P.R.
245 ## - TITLE STATEMENT
Title Sino-Indian and Sino-South Korean relations :
Remainder of title compulsions,comparisons and contrasts /
Statement of responsibility, etc by P.R.Chari [and] Vyjayanti Raghavan
260 ## - PUBLICATION, DISTRIBUTION, ETC. (IMPRINT)
Place of publication, distribution, etc New Delhi
Name of publisher, distributor, etc Routledge
Date of publication, distribution, etc 2015
270 ## - ADDRESS
Address 912,Tolstoy House, 15-17 Tolstoy Marg, Connaught Place
City New Delhi
Postal code 110001
300 ## - PHYSICAL DESCRIPTION
Extent viii,268p.
Dimensions 22cm(Hb)
500 ## - GENERAL NOTE
General note Includes index
700 ## - ADDED ENTRY--PERSONAL NAME
Personal name Raghavan, Vyjayanti
942 ## - ADDED ENTRY ELEMENTS (KOHA)
Source of classification or shelving scheme Dewey Decimal Classification
Item type English Books
Call number suffix CHA
Call number prefix 909
Holdings
Withdrawn status Lost status Not for loan Collection code Home library Current library Date acquired Source of acquisition Cost, normal purchase price Full call number Barcode Copy number Cost, replacement price Koha item type
    Not For Loan Non-fiction D.B.Act.Division D.B.Act.Division 26/02/2015 DBAD/PUB 795.00 909 CHA EN-95830 1 795.00 English Books

© Delhi Public Library
Hit Counter
free hit counter